The impact of FDI on the Malaysian manufacturing sector /
Saved in:
| Main Author: | |
|---|---|
| Format: | Thesis |
| Language: | English |
| Published: |
Gombak :
International Islamic University Malaysia,
1999
|
| Subjects: | |
| Online Access: | http://studentrepo.iium.edu.my/handle/123456789/3551 |
| Tags: |
Add Tag
No Tags, Be the first to tag this record!
|
| LEADER | 019100000a22003850004500 | ||
|---|---|---|---|
| 001 | 172843 | ||
| 005 | 20230420084644.0 | ||
| 008 | 990720s1999 my g 0 0 eng d | ||
| 035 | |a (Sirsi) 172843 | ||
| 040 | |a UIAM |b eng | ||
| 043 | |a a-my--- | ||
| 050 | 0 | 0 | |a HG5750.6.A3 |
| 100 | 1 | |a Rahman, Muslima |9 111422 | |
| 245 | 1 | 4 | |a The impact of FDI on the Malaysian manufacturing sector / |c Muslima Rahman |
| 260 | |a Gombak : |b International Islamic University Malaysia, |c 1999 | ||
| 300 | |a xiv, 145 p. ; |c 30 cm. | ||
| 336 | |2 rdacontent | ||
| 337 | |2 rdamedia | ||
| 338 | |2 rdacarrier | ||
| 500 | |a Abstracts in English and Arabic. | ||
| 500 | |a "A thesis submitted in partial fulfillment of the requirement for the degree of Master of Economics."--On t.p. | ||
| 502 | |a Thesis (M.EC)--International Islamic University Malaysia, Kulliyah of Economics and Management Sciences, 1999. | ||
| 504 | |a Includes bibliographical references (p. 128-134). | ||
| 650 | 0 | |a Investments, Foreign |z Malaysia |9 26608 | |
| 650 | 0 | |a Industrial policy |z Malaysia |9 111423 | |
| 655 | 0 | 7 | |a Theses, IIUM local |
| 690 | 0 | |a Dissertations, Academic |x Department of Economics |z IIUM |9 33697 | |
| 710 | 2 | |a International Islamic University Malaysia. |b Kulliyyah of Economics and Management Sciences |9 5054 | |
| 856 | 4 | |u http://studentrepo.iium.edu.my/handle/123456789/3551 | |
| 900 | |a abu-rmb | ||
| 942 | |2 lcc |n 0 | ||
| 999 | |c 431244 |d 462735 | ||
| 952 | |0 0 |6 LU T HG 5750.6 A3 R147I 1999 |7 0 |8 THESES |9 750967 |a IIUM |b IIUM |c CLOSEACCES |g 0.00 |o lu t HG 5750.6 A3 R147I 1999 |p 00010981468 |r 2017-11-01 |t 1 |v 0.00 |y THESIS | ||
| 952 | |0 0 |6 T HG5750.6A3R147I 1999 |7 0 |8 THESES |9 750968 |a IIUM |b IIUM |c MULTIMEDIA |g 0.00 |o t HG5750.6A3R147I 1999 |p 00000601524 |r 2017-11-16 |t 1 |v 0.00 |y THESIS | ||
| 952 | |0 0 |6 TS CDF HG5750.6A3R147I 1999 |7 0 |8 THESES |9 800527 |a IIUM |b IIUM |c MULTIMEDIA |g 0.00 |o ts cdf HG5750.6A3R147I 1999 |p 11100326024 |r 2017-10-27 |t 1 |v 0.00 |y THESISDIG | ||
